Statistiques concernant Pays du monde - une minute sprint (sans carte)

Cliquez ici pour prendre le quiz!

Statistiques générales

  • Ce quiz a été pris 903 fois
  • Le résultat moyen est 27 sur 196

Statistiques - réponses

pays% Correct
France
86%
Espagne
66%
Canada
59%
Italie
57%
Chine
55%
Portugal
48%
Russie
48%
Japon
47%
Allemagne
46%
Etats-Unis
45%
Mexique
42%
Irlande
41%
Brésil
40%
Suisse
40%
Suède
38%
Australie
37%
Belgique
37%
Islande
35%
Finlande
32%
Inde
32%
Andorre
29%
Argentine
29%
Norvège
28%
Chili
27%
Maroc
27%
Monaco
27%
Algérie
26%
Estonie
25%
Iran
24%
Autriche
23%
Grèce
23%
Irak
23%
Pays-Bas
23%
Cuba
22%
Lituanie
22%
Pologne
22%
Royaume-Uni
22%
Lettonie
21%
Albanie
20%
Tunisie
20%
Danemark
19%
Pérou
19%
Togo
19%
Vatican
19%
Laos
18%
Malte
18%
Turquie
18%
République démocratique du Congo
17%
République du Congo
17%
Kosovo
16%
Libye
16%
Mali
16%
Niger
16%
Ukraine
16%
Colombie
15%
Mongolie
15%
Croatie
14%
Égypte
14%
Hongrie
14%
Oman
14%
Bénin
13%
Bolivie
13%
Corée du Nord
13%
Corée du Sud
13%
Fidji
13%
Haiti
13%
Israël
13%
Liban
13%
Luxembourg
13%
Nauru
13%
Népal
13%
Palaos
13%
Roumanie
13%
Serbie
13%
Chypre
12%
Indonésie
12%
Nigeria
12%
Saint-Marin
12%
Samoa
12%
Slovénie
12%
Tonga
12%
Tuvalu
12%
Uruguay
12%
Viêt Nam
12%
Yémen
12%
Belize
11%
Bosnie-Herzégovine
11%
Ghana
11%
Guatemala
11%
Syrie
11%
Afrique du Sud
10%
Bulgarie
10%
Guinée
10%
Nouvelle-Zélande
10%
Panama
10%
Slovaquie
10%
Vanuatu
10%
Venezuela
10%
Angola
9%
Biélorussie
9%
Équateur
9%
Gabon
9%
Honduras
9%
Jamaïque
9%
Nicaragua
9%
Paraguay
9%
Soudan
9%
Taïwan
9%
Tchad
9%
Thaïlande
9%
Bhoutan
8%
Cambodge
8%
Jordanie
8%
Kiribati
8%
Lesotho
8%
Liechtenstein
8%
Macédoine
8%
Qatar
8%
Sénégal
8%
Arménie
7%
Bahreïn
7%
Brunei
7%
Cameroun
7%
Costa Rica
7%
Kenya
7%
Malaisie
7%
Moldavie
7%
Monténégro
7%
Namibie
7%
Pakistan
7%
Dominique
6%
Gambie
6%
Koweït
6%
Singapour
6%
Suriname
6%
Zambie
6%
Bahamas
5%
Barbade
5%
Émirats arabes unis
5%
Guyana
5%
Madagascar
5%
Malawi
5%
Maldives
5%
Rwanda
5%
Salomon
5%
Salvador
5%
Somalie
5%
Sri Lanka
5%
Afghanistan
4%
Antigua-et-Barbuda
4%
Bangladesh
4%
Birmanie
4%
Burundi
4%
Djibouti
4%
Éthiopie
4%
Géorgie
4%
Mauritanie
4%
Micronésie
4%
Philippines
4%
Sainte-Lucie
4%
Soudan du Sud
4%
Tanzanie
4%
Trinité-et-Tobago
4%
Cabo Verde
3%
Comores
3%
Côte d'Ivoire
3%
Grenade
3%
Guinée-Bissau
3%
Îles Marshall
3%
Kazakhstan
3%
Liberia
3%
Mozambique
3%
Ouganda
3%
Papouasie-Nouvelle-Guinée
3%
République tchèque
3%
Saint-Christophe-et-Niévès
3%
Sao Tomé-et-Principe
3%
Seychelles
3%
Swaziland
3%
Zimbabwe
3%
Arabie Saoudite
2%
Botswana
2%
Burkina Faso
2%
Ouzbékistan
2%
République dominicaine
2%
Saint-Vincent-et-les-Grenadines
2%
Sierra Leone
2%
Tadjikistan
2%
Timor oriental
2%
Turkménistan
2%
Azerbaïdjan
1%
Érythrée
1%
Guinée équatoriale
1%
Île Maurice
1%
Kirghizistan
1%
République Centrafricaine
1%

Distribution des résultats

Percentile par nombre de réponses

% des personnes avec chaque résultat

Votre développement - résultats

Vous n’avez pas pris ce quiz